000 00658nam a22002297a 4500
003 UA-OsUOA
001 51794
007 ta
008 20080122b un ||||| |||| 00| 0 ukr d
090 _a(038)=111=1331=161.2
_bА64
942 _cBK
040 _aUA-OsUOA
_bukr
_cUA-OsUOA
_dUA-OsUOA
245 _aАнглійсько-французько-німецько-український словник термінології Європейського Союзу
300 _a226 с.
955 _a1
041 _aukr
080 _a(038)=111=1331=161.2
020 _a966-7048-77-2
260 _aК.
_bМГЦ
_c2007
650 7 _2UDC
999 _c337884
_d337884